| 000 | 01498nam a22002417a 4500 | ||
|---|---|---|---|
| 003 | DO-SdBJH | ||
| 005 | 20231122175735.0 | ||
| 008 | 231122b |||||||| |||| 00| 0 spa d | ||
| 040 |
_aDO-SdBJH _bspa _cDO-SdBJH |
||
| 090 |
_aTG AMBC _b02015 2021 |
||
| 100 | 1 |
_aLorenzo Tejada, Jerome _esustentante |
|
| 245 | 1 | 0 |
_aPropuesta de modernización de la Biblioteca Manuel Corripio García de la Academia Militar Batalla de las Carreras (AMBC) antes los avances de la educación a distancia / _c Jerome Lorenzo Tejada, Emily Rosaio Oviedo, asesores Yesenia Valdez Batista, Francisco Polanco |
| 260 |
_aSanto Domingo Este : _bINSUDE, _c2021 |
||
| 300 | _axxiv, 81 páginas, cuadros | ||
| 502 | _aTrabajo de grado (Licenciado en Ciencias Militares) -- Instituto Superior para la Defensa (INSUDE). Academia “Militar Batalla de las Carreras” del Ejército de República Dominicana, 2021. | ||
| 504 | _aIncluye referencias bibliográficas e índices | ||
| 505 | _aGeneralidades sobre la educación a distancia. -- Principales herramientas utilizadas por las Tecnologías de información y Comunicación (TICs) en la Biblioteca de la AMBC, ERD. -- Presentación de resultados de investigación | ||
| 700 | 1 |
_a Rosaio Oviedo, Emily _esustentante |
|
| 700 | 1 |
_aValdez Batista, Yesenia _easesor |
|
| 700 | 1 |
_aPolanco, Francisco _easesor |
|
| 830 | _a INSUDE. “Academia “Militar Batalla de las Carreras” del Ejército de República Dominicana”. Tesis y disertaciones. | ||
| 942 |
_2CL _cT |
||
| 999 |
_c7676 _d7676 |
||